|
|
|
|
| LEADER |
00587cam a22001695a 4500 |
| 020 |
|
|
|a 9781848606463
|
| 082 |
0 |
4 |
|a 306.43
|b STE/E
|
| 100 |
1 |
|
|a Stevenson, Nick.
|
| 245 |
1 |
0 |
|a Education and cultural citizenship /
|
| 260 |
|
|
|a London ;
|a Thousand Oaks, Calif. :
|b SAGE,
|c 2011.
|
| 300 |
|
|
|a x, 172 pages ;
|
| 490 |
1 |
|
|a Theory, culture & society
|
| 650 |
|
0 |
|a Educational sociology.
|
| 650 |
|
0 |
|a Education
|
| 942 |
|
|
|c BK
|
| 999 |
|
|
|c 34504
|d 34504
|
| 952 |
|
|
|0 0
|1 0
|4 0
|6 306_430000000000000_STEE
|7 0
|8 Stack
|9 36507
|a KUCL
|b KUCL
|c Stack
|d 2015-09-01
|l 3
|m 3
|o 306.43 STE/E
|p 31857
|r 2020-11-30
|s 2020-08-13
|w 2015-09-01
|y BK
|